Statistics for Geography E

Click here to take the quiz!

General Stats

  • This quiz has been taken 27 times
  • The average score is 9 of 10

Answer Stats

HintAnswer% Correct
Island in the pacific famous for stone statuesEaster island
100%
Highest mountain above sea levelMt. Everest
100%
Capital and second largest city in
Scotland
Edinburg
96%
One of the 4 uk divisionsEngland
96%
Geographic 0’0 laditude nameEquator
96%
Was one ruled by Pharos and and is
at the Niles beginning
Egypt
93%
5 of the great lakesLake Erie
85%
North Korea of Africa
In another famous quiz of mine
Eritrea
74%
2 of the country’s to never get invadedEthiopia
74%
European doctrineEu/European Union
56%

Score Distribution

Percentile by Number Answered

Percent of People with Each Score

Your Score History

You have not taken this quiz